| 000 | 00648nam a2200229 a 4500 | ||
|---|---|---|---|
| 001 | 50296 | ||
| 003 | BD-RjUL | ||
| 005 | 20211209075504.0 | ||
| 008 | 160824r20011995ii a 000 0 eng | ||
| 020 | _a8170419441 | ||
| 035 | _a(BD-RjUL) | ||
| 040 |
_aDLC _cOOxM _dBD-RjUL _beng |
||
| 041 | _aeng | ||
| 082 |
_a540.7 _223 _bYAT 2001 |
||
| 100 | 1 |
_aYadav, M. S. _9150736 |
|
| 245 | 1 | 4 |
_aThe teaching of chemistry / _cM.S. Yadav |
| 250 | _a2nd ed. | ||
| 260 |
_aNew Delhi : _bAnmol Publications pvt. LTI, _c1995 [ Reprinted 2001 ] |
||
| 300 |
_axv, 302 p. : _bill. ; _c23 cm. |
||
| 650 | 0 |
_aChemistry _xStudy and teaching. _9150737 |
|
| 942 |
_2ddc _cBK |
||
| 999 |
_c50296 _d50296 |
||